Inspector matadeen on the moon / (Record no. 164366)

MARC details
000 -LEADER
fixed length control field 00472nam a22001817a 4500
005 - DATE AND TIME OF LATEST TRANSACTION
control field 20190516170040.0
010 ## - LCCN (DPL NO)
LC control number B-098949
020 ## - INTERNATIONAL STANDARD BOOK NUMBER
International Standard Book Number 8187649763
Terms of availability 150.00
035 ## - SYSTEM CONTROL NUMBER
System control number B-098949
037 ## - SOURCE OF ACQUISITION
Source of stock number/acquisition Katha
082 ## - DEWEY DECIMAL CLASSIFICATION NUMBER
Classification number 887
100 ## - MAIN ENTRY--PERSONAL NAME
Personal name Parsai, Harishankar
245 ## - TITLE STATEMENT
Title Inspector matadeen on the moon /
Statement of responsibility, etc Harishankar Parsai
260 ## - PUBLICATION, DISTRIBUTION, ETC. (IMPRINT)
Place of publication, distribution, etc New Delhi
Name of publisher, distributor, etc Katha
Date of publication, distribution, etc 2003
300 ## - PHYSICAL DESCRIPTION
Extent 165p.
Dimensions 22cm(pbk)
700 ## - ADDED ENTRY--PERSONAL NAME
Personal name Naim, C.M.
942 ## - ADDED ENTRY ELEMENTS (KOHA)
Source of classification or shelving scheme Dewey Decimal Classification
Item type English Books
Classification part 887
Call number suffix PAR
Holdings
Withdrawn status Lost status Not for loan Collection code Home library Current library Date acquired Full call number Barcode Koha item type Public note
      Non-fiction Sarojini Nagar Sarojini Nagar 16/05/2019 887 PAR B-098949 English Books Withdrawn List Prepared L.No.14/14

© Delhi Public Library
Hit Counter
free hit counter